Biblioteca

El apocalipsis o revelación del ciudadano (Registro nro. 69980)

Detalles MARC
000 -LÍDER
Campo fijo de descripción fija 01409nab a2200217 i 4500
001 - NÚMERO DE CONTROL
Campo de control 768714001
003 - IDENTIFICADOR DEL NÚMERO DE CONTROL
Campo de control CO-MdFUSB
005 - FECHA Y HORA DE LA ULTIMA TRANSACCIÓN
control field 20240609115818.0
008 - ELEMENTOS DE LONGITUD FIJA -- INFORMACIÓN GENERAL
Campo fijo de descripción fija -- Información general 240529t1972 ag ||||| |||| 00| 0 spa d
040 ## - FUENTE DE CATALOGACIÓN
Idioma de catalogación spa
Agencia que realiza la transcripción CO-MdFUSB
Agencia que realiza la modificación CO-MdFUSB
041 ## - CÓDIGO DE IDIOMA
Código de idioma para texto/pista de sonido o título separado spa
100 1# - ASIENTO PRINCIPAL--NOMBRE PERSONAL
Nombre personal González, Justo L.,
Fechas asociadas con el nombre 1937-
Término relacionador autor
245 #3 - TÍTULO
Título El apocalipsis o revelación del ciudadano
Mención de responsabilidad / Justo L. González
520 ## - NOTA DE RESUMEN, ETC.
Nota de sumario, etc. Fines de 1958 en Cuba. La revolución que Fidel Castro dirige desde las montañas de Sierra Maestra y la respuesta del régimen de Fulgencio Batista van desangrando lentamente a la isla. En ese contexto aparece un libro profético: El Apocalipsis o Revelación del Ciudadano, escrito por un ciudadano evangélico que después ha llegado a ser vasta- mente conocido en toda América Latina, don Justo González. En poco tiempo se venden tres ediciones del librito con un total de 15 mil ejemplares. El mensaje del libro sigue vigente con actualidad tremenda en todo nuestro continente. Ediciones Certeza, que piensa reeditar el libro, adelanta aquí tres capítulos.<br/>
630 07 - PUNTO DE ACCESO ADICIONAL DE MATERIA - TÍTULO UNIFORME
Título uniforme Biblia.
Parte o sección de la obra Apocalipsis
630 07 - PUNTO DE ACCESO ADICIONAL DE MATERIA - TÍTULO UNIFORME
Título uniforme Biblia
Parte o sección de la obra Isaías
650 #7 - ASIENTO SECUNDARIO DE MATERIA - TERMINO TEMÁTICO
Término temático o nombre geográfico como elemento de entrada Biblia y literatura
9 (RLIN) 7329
773 0# - ASIENTO DE ITEM FUENTE
Biblionumber 69974
Itemnumber 82716
Lugar, editorial y fecha de publicación Buenos Aires
Otro identificador del ítem R2608
Título Certeza
Número de control del registro (CO-MdFUSB)768714001
Parte(s) relacionada(s) / Volumen., número. (mes año), páginas Número 48, (octubre - diciembre, 1972) páginas: 242 - 244
Enumeración y primera página página: 242
942 ## - TIPO DE MATERIAL (KOHA)
Tipo de Item KOHA Artículos de Revista
945 ## - INFORMACIÓN LOCAL DEL REGISTRO
Catalogador Catherine Arias Álvarez - Practicante SENA

No hay ítems disponibles.

Biblioteca FUSBC | Teléfono: (57+4) 349 88 10 Ext. 141| WhatsApp (+57) 3005338115 
E-mail: biblioteca@unisbc.edu.co | Calle 76 87-14 Robledo Palenque, Medellín, Colombia

Con tecnología Koha